| 000 | 00693nam a22002297a 4500 | ||
|---|---|---|---|
| 005 | 20170124105922.0 | ||
| 010 | _aA-446934 | ||
| 020 |
_c00.00 _a0860511928 |
||
| 035 | _aA-446934 | ||
| 037 | _bCen Lib/Ret | ||
| 040 |
_aDPL _bEN |
||
| 082 |
_a380.480941 _bPUR |
||
| 100 |
_aPurves, Libby _95058 |
||
| 245 |
_aBritain at play / _cby Libby Purves; illustrated by Mac |
||
| 260 |
_aGreat Britain _bRobson books _c1982 |
||
| 270 |
_bGreat Britain _a5-6 clipston street |
||
| 300 |
_a160p. _c21cm(Hb) |
||
| 650 |
_aRecreation -- Great Britain -- Anecdotes _972498 |
||
| 650 |
_aLeisure activities _972499 |
||
| 700 |
_aMac _957923 |
||
| 942 |
_2ddc _cEN _h380.480941 _mPUR |
||
| 999 |
_c123257 _d123257 |
||